[Event "Dortmund ABC Serie Anfaenger-23"]
[Site "Dortmund"]
[Date "2005.04.30"]
[Round "5"]
[White "Banken, Gerd"]
[Black "Benz, Friedrich"]
[Result "1-0"]
[WhiteElo "1181"]
[BlackElo "866"]
[PlyCount "65"]
[EventDate "2005.04.13"]
[EventType "tourn"]
[EventRounds "13"]
[EventCountry "GER"]
[SourceTitle "EXT 2007"]
[Source "ChessBase"]
[SourceDate "2006.11.23"]
[SourceVersion "1"]
[SourceVersionDate "2006.11.23"]
[SourceQuality "1"]

1. e4 e5 2. Nf3 Nc6 3. Bc4 Nf6 4. Ng5 Qe7 5. d3 d6 6. Nxf7 Rg8 7. Ng5 h6 8. Bxg8 Nxg8 9. Qh5+ Kd7 10. Nh7 Nf6 11. Nxf8+ Qxf8 12. Qf3 Nd4 13. Qd1 Kd8 14. h3 d5 15. c3 Nb5 16. 0-0 d4 17. f4 Qc5 18. c4 Nd6 19. f5 Bd7 20. Nd2 b5 21. Nb3 Qb6 22. c5 Qb7 23. cxd6 cxd6 24. Qe1 b4 25. Qg3 Be8 26. Nd2 Nh5 27. Qf3 Nf4 28. Nc4 Qe7 29. Bxf4 exf4 30. Qxf4 Bd7 31. Nxd6 Rb8 32. e5 Rb6 33. Qxd4 1-0

[Event "Dortmund ABC Serie Anfaenger-23"]
[Site "Dortmund"]
[Date "2005.04.22"]
[Round "3"]
[White "Banken, Gerd"]
[Black "Mueller, Michaela"]
[Result "1-0"]
[WhiteElo "1181"]
[BlackElo "1124"]
[PlyCount "39"]
[EventDate "2005.04.13"]
[EventType "tourn"]
[EventRounds "13"]
[EventCountry "GER"]
[SourceTitle "EXT 2007"]
[Source "ChessBase"]
[SourceDate "2006.11.23"]
[SourceVersion "1"]
[SourceVersionDate "2006.11.23"]
[SourceQuality "1"]

1. e4 e6 2. d4 d5 3. exd5 exd5 4. Nc3 Nf6 5. Bg5 Be7 6. Nf3 Nbd7 7. Bd3 h6 8. Bf4 c6 9. 0-0 0-0 10. Re1 Nh5 11. Bd2 Bd6 12. Ne5 Nhf6 13. Bf4 Re8 14. Qf3 Bxe5 15. dxe5 Nh7 16. Qg3 Ng5 17. h4 Nh7 18. Bxh6 g6 19. Bxg6 Re6 20. Bxh7+ 1-0

[Event "Dortmund1"]
[Site "Dortmund"]
[Date "2003.05.23"]
[Round "12"]
[White "Banken, Gerd"]
[Black "Naffin, Egbert"]
[Result "1-0"]
[WhiteElo "1239"]
[BlackElo "1117"]
[PlyCount "77"]
[EventDate "2003.03.26"]
[EventType "tourn"]
[EventRounds "13"]
[EventCountry "GER"]
[SourceTitle "EXT 2007"]
[Source "ChessBase"]
[SourceDate "2006.11.23"]
[SourceVersion "1"]
[SourceVersionDate "2006.11.23"]
[SourceQuality "1"]

1. e4 e5 2. Nf3 Nc6 3. Bc4 Nf6 4. Nc3 Nxe4 5. Nd5 Nxf2 6. Kxf2 Bc5+ 7. Ne3 Qf6 8. c3 e4 9. d4 exf3 10. Qxf3 Qxf3+ 11. Kxf3 Bb6 12. Re1 0-0 13. a4 a5 14. Nd5 d6 15. Bd3 Bd7 16. Bd2 Rae8 17. Re4 f6 18. Rxe8 Rxe8 19. Re1 Rxe1 20. Bxe1 Be6 21. Bc4 Bxd5+ 22. Bxd5+ Kf8 23. Be6 g6 24. Bh4 Ba7 25. Bxf6 Ke8 26. Bg8 h5 27. Kf4 Ne7 28. Bxe7 Kxe7 29. Kg5 Kf8 30. Bh7 c5 31. d5 Bb6 32. Bxg6 Bd8+ 33. Kf5 Kg7 34. Bxh5 Kh6 35. Bf3 Bg5 36. Ke6 Bc1 37. b3 Bb2 38. c4 Be5 39. g3 1-0

[Event "Dortmund ABC Anfaenger 18th"]
[Site "Dortmund"]
[Date "2002.11.13"]
[Round "8"]
[White "Krueger, Sven"]
[Black "Banken, Gerd"]
[Result "0-1"]
[WhiteElo "1244"]
[BlackElo "1239"]
[PlyCount "130"]
[EventDate "2002.10.11"]
[EventType "tourn"]
[EventRounds "13"]
[EventCountry "GER"]
[SourceTitle "EXT 2004"]
[Source "ChessBase"]
[SourceDate "2003.11.25"]
[SourceVersion "1"]
[SourceVersionDate "2003.11.25"]
[SourceQuality "1"]

1. d4 d5 2. Nf3 Nf6 3. Bg5 c6 4. Bxf6 exf6 5. Nbd2 Bf5 6. e3 Nd7 7. Be2 Bd6 8. Nh4 Be6 9. Bg4 Qe7 10. Bxe6 Qxe6 11. 0-0 0-0 12. f4 f5 13. c3 Nf6 14. Qc2 g6 15. Rae1 Qd7 16. Nhf3 Rac8 17. Qd1 Ne4 18. Qc2 f6 19. Nb3 b6 20. Qe2 b5 21. Nc1 a6 22. Nd3 a5 23. Nf2 Qc7 24. b3 Rfe8 25. c4 Bb4 26. Rc1 Nc3 27. Qd3 Qd7 28. Rc2 Ne4 29. c5 Qe7 30. Ra1 Nxf2 31. Rxf2 Qxe3 32. Qxe3 Rxe3 33. Kf1 Bc3 34. Rd1 b4 35. Re2 Rce8 36. Rxe3 Rxe3 37. Kf2 Re4 38. g3 Kf7 39. Rd3 h6 40. Re3 h5 41. Rxe4 fxe4 42. Nh4 Bxd4+ 43. Ke2 Bxc5 44. h3 Bd6 45. Ng2 Ke6 46. Ne3 f5 47. Nd1 d4 48. Nb2 d3+ 49. Kd2 Kd5 50. Nc4 Bc5 51. Nxa5 Bf2 52. Nc4 Bxg3 53. Ke3 Bh4 54. Nb2 g5 55. Nd1 g4 56. hxg4 hxg4 57. Kd2 g3 58. Ne3+ Ke6 59. Ng2 Bf6 60. Ke1 Kd5 61. Ne3+ Kd4 62. Nxf5+ Kc3 63. Ne3 d2+ 64. Kd1 Kd3 65. Nf1 g2 0-1

[Event "Dortmund1"]
[Site "Dortmund"]
[Date "2002.05.31"]
[Round "11"]
[White "Aragon, Jorge"]
[Black "Banken, Gerd"]
[Result "0-1"]
[WhiteElo "1124"]
[BlackElo "1245"]
[PlyCount "80"]
[EventDate "2002.04.10"]
[EventType "tourn"]
[EventRounds "13"]
[EventCountry "GER"]
[SourceTitle "EXT 2007"]
[Source "ChessBase"]
[SourceDate "2006.11.23"]
[SourceVersion "1"]
[SourceVersionDate "2006.11.23"]
[SourceQuality "1"]

1. e4 e5 2. Nf3 Nc6 3. Bb5 Nf6 4. Nc3 Bc5 5. 0-0 0-0 6. Re1 a6 7. Bxc6 dxc6 8. Nxe5 Qd4 9. Nd3 Bg4 10. Ne2 Bxe2 11. Qxe2 Rfe8 12. Nxc5 Qxc5 13. c3 Rxe4 14. d4 Qf5 15. Be3 Rae8 16. Qc2 Nd5 17. Kf1 Qf6 18. Qd3 Nxe3+ 19. Kg1 Qf4 20. Re2 Nf5 21. Rae1 Rxe2 22. Rxe2 Rxe2 23. Qxe2 Qc1+ 24. Qf1 Qxf1+ 25. Kxf1 b5 26. Ke2 Nd6 27. b4 f6 28. f3 g5 29. g4 Kg7 30. Kd3 h6 31. Ke3 Kg6 32. h3 h5 33. f4 f5 34. gxf5+ Kxf5 35. Kf3 g4+ 36. hxg4+ hxg4+ 37. Kg3 Ne4+ 38. Kg2 Kxf4 39. a3 g3 40. Kh3 Kf3 0-1